Countries With the Most Cities in the Top 50 Homicide Rate - Statistics

General Stats
  • This quiz has been taken 70 times
  • The average score is 10 of 13
Answer Stats
Cities Country % Correct
7 United States
97%
14 Brazil
95%
18 Mexico
95%
6 Colombia
87%
1 Venezuela
87%
1 Guatemala
82%
2 Honduras
78%
1 Haiti
73%
1 Ecuador
67%
4 South Africa
67%
1 El Salvador
63%
1 Jamaica
60%
1 Puerto Rico
15%
No matching quizzes found
Score Distribution
Percent of People with Each Score
Percentile by Number Answered
Your Score History
You have not taken this quiz